[Event "40th IND-chT Open 2020"]
[Site "Ahmedabad"]
[Date "2020.02.08"]
[Round "2.10"]
[White "Jay Kundaliya"]
[Black "Puranik, Abhimanyu"]
[Result "1/2-1/2"]
[WhiteElo "2071"]
[BlackElo "2597"]
[Annotator "TA"]
[PlyCount "64"]
[EventDate "2020.02.05"]
[EventCountry "IND"]
[SourceTitle "playchess.com"]
[Source "ChessBase"]
[SourceQuality "1"]

{[%evp 15,64,0,3,0,5,0,0,0,3,0,0,0,10,0,0,-4,0,-4,10,0,0,0,0,0,10,0,0,0,48,0,0,0,32,39,39,33,50,0,0,0,0,0,33,-31,0,0,0,0,0,0,119]} 1. e4 e5 2. Nf3 Nc6 3. Bb5 a6 4. Ba4 Nf6 5. d3 Bc5 6. O-O d6 7. c3 b5 8. Bb3 h6 $1 {[%mdl 4] outshines the older 8...0-0.} 9. Nbd2 {[%cal Bb1d2,Bd2f1,Bf1g3][%mdl 32] C78: Ruy Lopez: Archangelsk and Möller Defences.} O-O 10. a4 Rb8 11. axb5 axb5 12. Re1 Bb6 13. Nf1 Ne7 14. Ng3 Ng6 {[#]} 15. Qe2 $146 ({Predecessor:} 15. h3 Re8 16. Bd2 Be6 17. Bxe6 Rxe6 18. d4 Re8 19. Qc2 Qc8 20. Qd3 Qb7 21. Rad1 {½-½ (32) Dragnev,V (2520)-Kurmann,O (2459) Bad Ragaz 2017}) 15... Re8 16. h3 Be6 17. Bxe6 Rxe6 18. Be3 d5 19. Bxb6 Rbxb6 20. Ra7 b4 21. Rea1 Kh7 22. c4 Nf4 23. Qe3 d4 24. Qd2 Nd7 25. R1a5 Ng6 26. Ra8 (26. Nf5 {is interesting.} c5 27. Qd1 Rbc6 28. Qa1 Rc7 29. Ra8) 26... Rb8 27. Rxb8 Nxb8 28. Rd5 Qf8 29. Rb5 (29. h4 $14) 29... Na6 30. h4 {The position is equal.} c6 31. Ra5 Nc5 {[#] ...Nb3 is the strong threat.} 32. Ra7 b3 {Accuracy: White = 84%, Black = 76%.} (32... Re7 $11 {keeps the balance.} 33. Rxe7 Qxe7) 1/2-1/2

[Event "40th IND-chT Open 2020"]
[Site "Ahmedabad"]
[Date "2020.02.08"]
[Round "2.11"]
[White "Harshavardhan G B"]
[Black "Thanki, Hemal Karsanji"]
[Result "1-0"]
[WhiteElo "2377"]
[BlackElo "2154"]
[Annotator "TA"]
[PlyCount "61"]
[EventDate "2020.02.05"]
[EventCountry "IND"]
[SourceTitle "playchess.com"]
[Source "ChessBase"]
[SourceQuality "1"]

{[%evp 19,61,54,56,28,26,25,25,25,29,29,55,51,90,69,57,43,55,27,50,0,-8,-61,-69,-410,-379,-801,427,372,543,531,846,846,846,845,844,838,831,803,803,829,806,783,831,822]} 1. d4 g6 2. c4 Bg7 3. Nc3 c5 4. d5 d6 5. e4 Nf6 6. Bd3 O-O 7. Nf3 e6 8. h3 Na6 9. O-O Nc7 {9...e5 is the modern continuation.} 10. a4 e5 11. Ne1 {E90: King's Indian: Classical: Early deviations and 6 h3.} Nh5 12. Ne2 {[#]} Na6 $146 ({Predecessor:} 12... f5 13. Ng3 Nf4 14. Bb1 Nxh3+ 15. gxh3 f4 16. Nh1 Bxh3 17. Ra3 Bxf1 18. Kxf1 Qd7 {0-1 (43) Clemens,A (2301)-Chatalbashev,B (2507) Gent 2006}) 13. Ra3 {White has an edge.} Nb4 14. Bb1 f5 15. exf5 Bxf5 16. Bxf5 gxf5 17. f4 Kh8 18. Bd2 e4 19. g4 (19. Re3 $14) 19... fxg4 $11 {White must now prevent ...Rg8.} ({But not} 19... Bxb2 $2 20. Rb3 $16) 20. hxg4 ({White should play} 20. Ng3 $1 $11 Nxg3 21. Rxg3) 20... Qh4 $1 $15 {[%cal Rh4g4]} 21. gxh5 $2 {[%mdl 8192]} (21. Rf2 $1 $15 Qxg4+ 22. Rg2) 21... Rg8 {[%csl Gc5][%cal Rg7d4]} 22. Ng3 $2 (22. Rg3 Bd4+ 23. Kg2 Rxg3+ 24. Nxg3) 22... e3 $4 {[%mdl 8192]} (22... Nd3 $19 23. Kg2 Bd4 24. Rxd3 exd3) 23. Rxe3 $18 Bd4 {[#]} (23... Qh3 $142) 24. Kg2 $1 {White is clearly winning.} Bxe3 {[%csl Gh4][%cal Rg8g3]} 25. Bc3+ Bd4 26. Bxd4+ cxd4 27. Qxd4+ Rg7 {[#]} 28. Qxg7+ $1 {[%mdl 576] Decoy} Kxg7 29. Nf5+ {[%mdl 64] Double Attack} Kf6 30. Nxh4 Rg8+ 31. Kf3 {Accuracy: White = 53%, Black = 76%.} 1-0

[Event "40th IND-chT Open 2020"]
[Site "Ahmedabad"]
[Date "2020.02.08"]
[Round "2.12"]
[White "Chudasama Ankit"]
[Black "Sai Agni Jeevitesh, J."]
[Result "1-0"]
[WhiteElo "1824"]
[BlackElo "2310"]
[Annotator "TA"]
[PlyCount "47"]
[EventDate "2020.02.05"]
[EventCountry "IND"]
[SourceTitle "playchess.com"]
[Source "ChessBase"]
[SourceQuality "1"]

{[%evp 10,47,24,13,20,27,44,31,29,-5,72,69,100,56,45,58,118,106,110,68,69,63,75,47,113,109,148,67,55,55,60,59,67,44,112,127,163,121,147,41]} 1. e4 d6 2. d4 Nf6 3. Nc3 Nbd7 4. Nge2 e5 5. f3 c6 6. Be3 Be7 {B07: Pirc Defence: Miscellaneous Systems.} 7. Ng3 O-O 8. Qd2 b5 {White is slightly better.} 9. a3 {[#]} Bb7 $146 (9... Nb6 $11 {remains equal.}) ({Predecessor:} 9... Nb6 10. Be2 Qc7 11. O-O Rd8 12. b3 d5 13. dxe5 Qxe5 14. Bf4 Qe6 15. Bd3 dxe4 16. fxe4 {½-½ (56) Kazoks,A (2424)-Zhak,B (2337) ICCF email 2008}) 10. Nf5 $16 Re8 11. Nxe7+ Qxe7 12. O-O-O Nb6 (12... exd4 $14 13. Qxd4 d5) 13. dxe5 dxe5 14. Qf2 Nfd7 15. Na2 Rab8 16. g4 Ba8 (16... Rbd8 $14) 17. h4 a5 18. g5 (18. Qd2 $16) 18... b4 $1 $14 19. axb4 axb4 20. h5 c5 21. g6 fxg6 (21... Bc6 $14) 22. hxg6 $16 hxg6 23. Kb1 ({Resist} 23. Qh2 $6 Bc6 $16) 23... Bc6 24. Qh2 {Accuracy: White = 63%, Black = 52%.} ({White should try} 24. Nc1 $16) 1-0

[Event "40th IND-chT Open 2020"]
[Site "Ahmedabad"]
[Date "2020.02.08"]
[Round "2.13"]
[White "Ranjan, Rupesh"]
[Black "Erigaisi Arjun"]
[Result "1-0"]
[WhiteElo "1912"]
[BlackElo "2563"]
[Annotator "TA"]
[PlyCount "77"]
[EventDate "2020.02.05"]
[EventCountry "IND"]
[SourceTitle "playchess.com"]
[Source "ChessBase"]
[SourceQuality "1"]

{[%evp 9,81,33,30,33,45,49,60,50,25,45,63,56,67,48,56,47,50,15,31,26,27,7,6,1,11,-2,0,0,0,0,0,0,43,-60,-43,-99,-123,-116,-85,-141,-139,-277,-262,-429,-420,-370,992,929,978,941,1663,1600,1521,1418,1731,1670,2182,2031,29990,29991,29991,1358,1333,1282,29984,1327,29986,12839,29986,29983,29991,29990,29990,29991]} 1. e4 d5 2. exd5 Qxd5 3. Nc3 Qa5 4. g3 Nf6 5. Bg2 Bg4 6. Nge2 {B01: Scandinavian Defence.} Nc6 7. h3 Bh5 8. g4 {White is slightly better.} Bg6 9. d3 {[#]} e6 $146 ({Predecessor:} 9... O-O-O 10. Bd2 e5 11. Nd5 Qa6 12. Nxf6 gxf6 13. Ng3 Nd4 14. O-O f5 15. gxf5 Nxf5 16. Nxf5 Bxf5 {0-1 (55) Arias Boo,G (2323)-Munoz Pantoja,M (2427) Barcelona 2009}) 10. a3 h5 11. g5 Nd5 12. Bd2 Nxc3 13. Nxc3 {And now Nd5 would win.} (13. bxc3 {feels hotter.} Qa4 14. c4 Bd6 15. O-O O-O 16. Nc3) 13... Qe5+ 14. Qe2 {Black must now prevent Bxc6+.} Qd6 15. Ne4 Qd7 16. Bc3 Nd4 17. Qd2 (17. Bxd4 $5 Qxd4 18. c3 $11) 17... h4 18. O-O-O c5 19. f4 Rc8 20. Qf2 b5 21. Rhe1 (21. b4 $14) 21... Be7 $1 $15 22. Bxd4 (22. Kb1 $15) 22... cxd4 $17 23. Kb1 b4 24. axb4 (24. a4 $142) 24... Bxb4 25. Re2 (25. Nd2 $17 {was the only chance.} Rxc2 26. Kxc2 Qa4+ 27. Kc1 (27. Nb3 O-O $17) 27... Bxd3 28. Nb3 Qxb3 29. Rxd3 $1 {[%mdl 512]} Qxd3 30. Rd1 Qc4+ 31. Qc2) 25... O-O $1 $19 26. Qxh4 $2 (26. f5 {was called for.} exf5 27. Nd2) 26... Qb5 27. f5 Bxf5 $4 {[%mdl 8192] [#]} ({Less strong is} 27... exf5 28. Nd2 $17) (27... Qxf5 $19 28. Qf2 Qa5 29. Qxd4 Bh5) 28. Nf6+ $1 $18 {[%mdl 512]} gxf6 29. gxf6 {Intending Qh6 and mate.} Rfd8 30. Qh6 {[%csl Gf6][%cal Rh6g7]} Bf8 31. Qg5+ Kh8 32. Qh5+ Kg8 33. Be4 {Threatening mate with Rg1+.} Bxe4 34. Rg1+ Bg6 35. Qxb5 (35. Rxg6+ $142 fxg6 36. Qxg6+ Kh8 37. Rg2 Qxb2+ 38. Kxb2 Ba3+ 39. Kxa3 Rc7 40. f7 Rc3+ 41. Ka4 Rc4+ 42. dxc4 Rf8 43. Qh6#) 35... Rc5 36. Qb7 {White wants to mate with Reg2.} Kh7 37. h4 (37. Reg2 $142 Bh5 38. Qe4+ Rf5 39. Rg8 Bg6 40. R1xg6 $1 {[%mdl 576] Promotion} fxg6 41. f7 Rf1+ 42. Ka2 $1 {[%mdl 512]}) 37... Rdd5 38. Qa8 (38. Reg2 $142 Rb5 39. Qa8 Bh6 {[#]} 40. Rxg6 $1 {[%mdl 512]} Rxb2+ 41. Kxb2 Rb5+ 42. Ka2 Ra5+ 43. Kb3) 38... Bh6 {[#]} 39. Reg2 {Played: Re2xe6} 1-0

[Event "40th IND-chT Open 2020"]
[Site "Ahmedabad"]
[Date "2020.02.08"]
[Round "2.13"]
[White "Rupesh, Ranjan"]
[Black "Erigaisi Arjun"]
[Result "1-0"]
[WhiteElo "1889"]
[BlackElo "2563"]
[Annotator "TA"]
[PlyCount "77"]
[EventDate "2020.02.05"]
[EventCountry "IND"]
[SourceTitle "playchess.com"]
[Source "ChessBase"]
[SourceQuality "1"]

{[%evp 9,81,26,45,39,42,26,42,19,32,33,66,68,72,41,44,49,52,10,24,0,1,7,6,0,16,-11,0,0,0,0,0,0,69,-67,-60,-113,-103,-118,-113,-135,-120,-301,-303,-421,-421,-383,1497,1477,1466,1405,1582,1378,1306,1242,1670,1542,2340,2086,29990,29991,29991,1256,1021,985,1872,1416,29986,29981,29986,29968,29991,29990,29990,29991]} 1. e4 d5 2. exd5 Qxd5 3. Nc3 Qa5 4. g3 Nf6 5. Bg2 Bg4 6. Nge2 {B01: Scandinavian Defence.} Nc6 7. h3 Bh5 8. g4 {White is slightly better.} Bg6 9. d3 {[#]} e6 $146 ({Predecessor:} 9... O-O-O 10. Bd2 e5 11. Nd5 Qa6 12. Nxf6 gxf6 13. Ng3 Nd4 14. O-O f5 15. gxf5 Nxf5 16. Nxf5 Bxf5 {0-1 (55) Arias Boo,G (2323)-Munoz Pantoja,M (2427) Barcelona 2009}) 10. a3 h5 11. g5 Nd5 12. Bd2 {Nxd5 is the strong threat.} Nxc3 13. Nxc3 (13. bxc3 {keeps more tension.} O-O-O 14. Rb1 Qa6 15. O-O Bc5 16. c4) 13... Qe5+ 14. Qe2 {Threatens to win with Bxc6+.} Qd6 15. Ne4 Qd7 16. Bc3 Nd4 17. Qd2 h4 18. O-O-O c5 19. f4 Rc8 20. Qf2 b5 ({Black should play} 20... Be7 $11) 21. Rhe1 (21. b4 $1 $14) 21... Be7 $1 $15 22. Bxd4 ({Better is} 22. b3 $15) 22... cxd4 $17 23. Kb1 b4 24. axb4 Bxb4 25. Re2 $2 {[#]} (25. Nd2 $17 {was called for.} Rxc2 26. Kxc2 Qa4+ 27. Nb3) 25... O-O $1 $19 26. Qxh4 {With the idea Nf6+.} Qb5 27. f5 Bxf5 $4 {[%mdl 8192] [#]} ({Weaker is} 27... exf5 28. Nd2 $17) (27... Qxf5 $19 28. Qg4 Qb5) 28. Nf6+ $1 $18 {[%mdl 512]} gxf6 29. gxf6 Rfd8 30. Qh6 {[%csl Gf6][%cal Rh6g7]} Bf8 31. Qg5+ Kh8 32. Qh5+ Kg8 33. Be4 {White wants to mate with Rg1+.} Bxe4 34. Rg1+ Bg6 35. Qxb5 (35. Rxg6+ $142 fxg6 36. Qxg6+ Kh8 37. Rg2 Qxb2+ 38. Kxb2 Rxc2+ 39. Kxc2 Rc8+ 40. Kd1 Rc1+ {[%mdl 64] Decoy} 41. Kxc1 Ba3+ 42. Kc2 Bf8 43. Qg8#) 35... Rc5 36. Qb7 {Intending Reg2! and mate.} Kh7 37. h4 Rdd5 38. Qa8 {White mates.} Bh6 {[#]} 39. Reg2 {Played: Re2xe6} 1-0

[Event "40th IND-chT Open 2020"]
[Site "Ahmedabad"]
[Date "2020.02.08"]
[Round "2.14"]
[White "Harsha Bharathakoti"]
[Black "Himanshu Ranjan"]
[Result "1-0"]
[WhiteElo "2495"]
[BlackElo "1908"]
[Annotator "TA"]
[PlyCount "61"]
[EventDate "2020.02.05"]
[EventCountry "IND"]
[SourceTitle "playchess.com"]
[Source "ChessBase"]
[SourceQuality "1"]

{[%evp 13,91,8,14,-1,1,1,8,0,14,6,17,3,6,0,0,0,0,1,25,7,12,10,33,43,26,10,21,16,31,21,21,9,27,8,39,24,52,0,44,52,65,62,90,67,81,58,149,164,176,145,166,156,150,147,172,167,197,193,185,177,286,280,291,274,352,346,352,341,499,483,488,439,512,469,422,475,467,462,460,452]} 1. Nf3 Nf6 2. g3 g6 3. b3 Bg7 4. Bb2 O-O 5. Bg2 d5 6. c4 e6 7. O-O b6 8. cxd5 {A05: Réti Opening: 1 Nf3 Nf6.} exd5 9. Nc3 Bb7 10. d4 {The position is equal.} Nbd7 11. Rc1 c6 12. e3 Re8 13. Re1 Qe7 {[#]} 14. Ne2 $146 ({Predecessor:} 14. Qc2 Rac8 15. Bh3 Ne4 16. Nxe4 dxe4 17. Ne5 f5 18. Qc4+ Kf8 19. Ba3 c5 20. Nxd7+ Qxd7 21. dxc5 bxc5 22. Bxc5+ Rxc5 23. Qxc5+ {1-0 (36) Kverndal,L (1696)-Lovasdal,S (2006) Oslo 2015}) 14... Ne4 15. Nf4 Qd6 16. Nd3 f6 17. Re2 Rac8 18. Rec2 Bh6 19. a4 a5 20. Ra1 Bf8 21. Bh3 f5 22. Bg2 Rc7 23. Nfe5 Rec8 24. Rac1 Ba6 25. h3 ({White should play} 25. g4 $14) 25... Bg7 (25... Bxd3 $5 26. Nxd3 (26. Qxd3 Nxe5 27. dxe5 Qe6 $11) 26... Qe6 $11) 26. g4 Bxd3 27. Nxd3 fxg4 28. Qxg4 Ndf6 29. Qf4 Qxf4 (29... Qf8 $14) 30. Nxf4 $16 Kf7 {[#]} 31. Ba3 {Played: Nf4xd5} 1-0

[Event "40th IND-chT Open 2020"]
[Site "Ahmedabad"]
[Date "2020.02.08"]
[Round "2.15"]
[White "Kumar, Gaurav"]
[Black "Rahul Srivatshav P"]
[Result "0-1"]
[WhiteElo "2069"]
[BlackElo "2474"]
[Annotator "TA"]
[PlyCount "48"]
[EventDate "2020.02.05"]
[EventCountry "IND"]
[SourceTitle "playchess.com"]
[Source "ChessBase"]
[SourceQuality "1"]

{[%evp 16,48,4,4,28,21,59,58,66,49,40,0,0,-42,-38,-39,-33,-45,-49,-40,-39,-129,-135,-233,-240,-317,-248,-499,-495,-487,-497,-484,-494,-484,-484]} 1. e4 e6 2. d4 d5 3. Nc3 Nf6 4. e5 Nfd7 5. f4 c5 6. Nf3 Nc6 7. Be3 Be7 8. Qd2 O-O 9. dxc5 Qa5 {C11: French: Classical System: 4 e5 and 4 Bg5 dxe4.} 10. O-O-O b6 {[%cal Bb7b6,Bb6c5,Bc5b4][%mdl 32]} 11. Bb5 Nb4 {White is slightly better.} 12. a3 bxc5 {next ...Na2+ is good for Black.} 13. Bxd7 (13. axb4 cxb4 14. Na4 Qxb5 $17) 13... Bxd7 14. axb4 (14. f5 $5) 14... cxb4 15. Nb1 Rfc8 {[%mdl 1024] Black has compensation.} 16. Nd4 Qa2 17. Qd3 a5 {[%cal Ba7a5,Ba5a4,Ba4b3][%mdl 32]} 18. f5 (18. Kd2 $15) 18... a4 $17 19. f6 {[#]} (19. Rhf1 $17 {was called for.} a3 20. bxa3 bxa3 21. Kd2) 19... Bc5 $1 $19 {[#]} 20. Rd2 $146 ({Predecessor:} 20. Rhe1 a3 21. bxa3 bxa3 22. Qb3 Qa1 23. Qc3 Bxd4 24. Qxd4 Rxc2+ 25. Kxc2 Rc8+ 26. Nc3 Qb2+ 27. Kd3 Bb5+ {0-1 (27) Wang,J (2354)-Santiago,Y (2473) Hanoi 2018}) 20... Qa1 {And now ...a3 would win.} ({Inferior is} 20... gxf6 21. exf6 Kh8 22. Bh6 $11 (22. c3 Rab8 $19)) 21. Nb3 $2 (21. Nf5 a3 22. bxa3 Rxa3 23. Bd4 Rxd3 24. Bxa1 Rxd2 25. Nxd2 exf5 26. Nb3) 21... axb3 {Black is clearly winning.} 22. Bxc5 Rxc5 23. Qg3 {[%csl Gf6][%cal Rg3g7] [#]} g6 24. Qxb3 Rca5 {Accuracy: White = 40%, Black = 93%.} 0-1

[Event "40th IND-chT Open 2020"]
[Site "Ahmedabad"]
[Date "2020.02.08"]
[Round "2.16"]
[White "Girinath, P.D.S."]
[Black "Sudhanshu Ranjan"]
[Result "1/2-1/2"]
[WhiteElo "2353"]
[BlackElo "1978"]
[Annotator "TA"]
[PlyCount "135"]
[EventDate "2020.02.05"]
[EventCountry "IND"]
[SourceTitle "playchess.com"]
[Source "ChessBase"]
[SourceQuality "1"]

{[%evp 10,135,18,9,27,19,19,-4,-2,-12,-11,-13,-14,-14,0,-4,0,-6,0,-22,-9,-13,-22,-31,-25,-47,-37,-56,-54,-53,-34,-50,-51,-39,-46,-44,-31,-45,-40,-49,-64,-123,-108,-118,-37,-34,0,0,0,0,0,-10,-4,-20,-18,-49,-57,-55,-55,-56,0,0,0,0,0,0,0,0,0,-120,-122,-106,-40,-134,0,-226,0,0,0,0,0,0,0,0,0,0,0,-79,-79,-185,-185,-162,-130,-116,0,0,0,0,0,0,0,0,0,0,0,0,0,0,0,0,0,0,0,0,0,0,0,0,0,0,0,0,0,0,0,0,0,0]} 1. e4 c5 2. Nf3 d6 3. Bb5+ Bd7 4. Bxd7+ Qxd7 5. O-O Nc6 6. c3 e6 {B52: Sicilian: Moscow Variation with 3...Bd7.} 7. d4 d5 8. e5 Nge7 9. Re1 cxd4 10. cxd4 Nf5 11. Nc3 {[#]} Bb4 $146 ({Predecessor:} 11... h5 12. Be3 Rc8 13. Rc1 Be7 14. Qa4 Nb4 15. Qxd7+ Kxd7 16. Red1 a6 17. a3 Nc6 18. b4 b5 {½-½ (18) Knezevic,M-Buljovcic,I Kraljevo 1967}) 12. Qd3 Be7 13. Bf4 h6 14. g4 Nh4 15. Nxh4 Bxh4 16. Bg3 Be7 17. Kg2 h5 18. h3 O-O-O 19. f4 g6 20. Rf1 hxg4 21. hxg4 Rdg8 22. Rh1 Qd8 23. Ne2 Kb8 24. Rxh8 Rxh8 25. f5 (25. Rh1 $15) 25... gxf5 $17 26. gxf5 Bh4 (26... Qg8 $17 27. Rh1 Rxh1 28. Kxh1 Bd8) 27. Rh1 $15 Bxg3 (27... Qg8 {with more complications.} 28. f6 a6 29. a3 Na5 30. b3 Ka7) 28. Rxh8 Qxh8 29. Qxg3 Qh7 30. Qg5 a6 31. a3 exf5 32. Nf4 Nxd4 {Threatens to win with ...Ne6.} 33. Qd8+ Ka7 34. Qxd5 Ne6 (34... Qg8+ $15 35. Kf2 Ne6) 35. Nxe6 $11 Qg6+ 36. Kf3 {And now Nd8! would win.} Qxe6 {[%mdl 4096] Endgame KQ-KQ} (36... Qg4+ {keeps more tension.} 37. Kf2 Qh4+ 38. Kf1 Qh3+ 39. Ke2 Qh2+) 37. Qc5+ Qb6 38. Qc3 Qg1 39. Ke2 (39. Qe3+ $11 {keeps the balance.} Qxe3+ 40. Kxe3) 39... Qg2+ $17 40. Ke1 Qd5 (40... Qe4+ $1 $17 41. Kf1 Kb6) 41. Kf2 ({White should try} 41. Qe3+ $15 Ka8 42. Kf2) 41... f4 (41... Kb6 $1 $17 {Strongly threatening ...Qc5+.} 42. Kg3 Qe4) 42. a4 $2 (42. b4 $11) 42... Kb8 $2 ({Better is} 42... a5 $1 $19 43. b3 Ka6) 43. a5 $1 $11 Ka7 44. Kf1 Kb8 45. Kf2 Ka8 46. Qc8+ Ka7 47. Qc3 Kb8 48. Kf1 {[#]} (48. Kg1 $11) 48... Qh1+ $1 $17 49. Kf2 {[#]} (49. Ke2 $17 {only move.}) 49... Qh2+ $1 $19 50. Kf1 {[#]} f3 $1 {[%mdl 512]} 51. Qxf3 Qxe5 ({Black should play} 51... Qxb2 $17 {White must now prevent ...Qb5+.} 52. Qf4 Ka7 53. Qxf7 Qxe5) 52. Qxf7 $11 {The position is equal.} Qxa5 {Hoping for ...Qa1+.} 53. Qf4+ Ka7 54. b4 Qd5 {aiming for ...Kb6.} (54... Qb5+ {looks sharper.} 55. Ke1 Kb6 56. Qe3+ Kc6 57. Qc3+ Kd6) 55. Qe3+ Kb8 56. Qc3 $1 Qe4 (56... a5 {seems wilder.} 57. bxa5) 57. Qc5 Qe6 58. Kf2 b6 59. Qc3 Qd5 60. Ke2 Kb7 61. Ke1 Qd6 62. Ke2 Qc7 63. Qf3+ (63. Qd3 {feels hotter.} Kc6 64. Qc4+ Kb7 65. Qd5+ Qc6 66. Qf7+) 63... Ka7 {...Qc4+ is the strong threat.} 64. Kd3 a5 65. bxa5 bxa5 66. Qe4 Kb6 67. Qe6+ Kb5 68. Qb3+ {Accuracy: White = 84%, Black = 85%.} 1/2-1/2

[Event "40th IND-chT Open 2020"]
[Site "Ahmedabad"]
[Date "2020.02.08"]
[Round "2.17"]
[White "Narayanan, Srinath"]
[Black "Piyush Kumar"]
[Result "1-0"]
[WhiteElo "2535"]
[BlackElo "1569"]
[Annotator "TA"]
[PlyCount "69"]
[EventDate "2020.02.05"]
[EventCountry "IND"]
[SourceTitle "playchess.com"]
[Source "ChessBase"]
[SourceQuality "1"]

{[%evp 20,69,41,30,38,37,45,34,98,109,95,104,120,120,126,104,120,134,214,211,229,206,287,284,584,579,584,581,582,583,572,578,573,429,572,563,563,562,524,493,554,543,559,546,652,569,537,544,784,616,6316,6308]} 1. Nf3 c5 2. e3 Nf6 3. d4 e6 4. c4 d5 5. Nc3 Be7 6. dxc5 O-O 7. cxd5 exd5 8. Be2 Nc6 9. O-O Bxc5 10. b3 Re8 11. Bb2 Be6 {D32: Tarrasch Defence: Sidelines and lines without g3.} 12. Rc1 Qe7 13. Nb5 {[#]} Red8 $146 {[#]} ({Better is} 13... Ne4 $14) ({Predecessor:} 13... Ne4 14. Nbd4 Rac8 15. Nxc6 bxc6 16. Nd4 Bd7 17. Bg4 Bd6 18. Nf5 Bxf5 19. Bxf5 {½-½ (43) Hassan,A (2357)-Pert,N (2501) Caleta 2005}) 14. Bxf6 $1 $16 gxf6 15. Bd3 Ne5 16. Nxe5 fxe5 {[#]} 17. Qh5 $1 {[%mdl 512]} h6 18. Qxe5 {Threatens to win with Qg3+.} a6 (18... Rac8 $16 19. b4 Bxb4) 19. Qg3+ $40 {[%mdl 128] Black is in trouble.} Kh8 20. Qf4 Kg7 21. Nc7 Rac8 $2 (21... Ba3 22. Qg3+ Kh8) 22. Qe5+ {White is clearly winning.} Kg8 {[#]} 23. Rxc5 $1 {[%mdl 576] Deflection} Qxc5 24. Nxe6 fxe6 25. Qxe6+ {[%mdl 64] Double Attack} Kf8 26. Qf6+ Kg8 27. Qg6+ Kf8 28. Qxh6+ Ke8 29. Bg6+ Ke7 30. Bf5 Rc6 31. Qg7+ Kd6 32. e4 {[%csl Gg7][%cal Re4e5]} Qc3 33. Qxb7 d4 34. e5+ Kc5 35. Qe7+ {[%mdl 64] Double Attack. Accuracy: White = 92%, Black = 36%.} 1-0

[Event "40th IND-chT Open 2020"]
[Site "Ahmedabad"]
[Date "2020.02.08"]
[Round "2.18"]
[White "Mohit Kumar Soni"]
[Black "Satyapragyan, Swayangsu"]
[Result "0-1"]
[WhiteElo "1857"]
[BlackElo "2403"]
[Annotator "TA"]
[PlyCount "22"]
[EventDate "2020.02.05"]
[EventCountry "IND"]
[SourceTitle "playchess.com"]
[Source "ChessBase"]
[SourceQuality "1"]

{[%evp 13,48,-65,-55,-97,-103,-302,-281,-328,-357,-342,-264,-395,-402,-477,-477,-478,-482,-491,-490,-491,-488,-482,-457,-475,-458,-489,-504,-510,-494,-546,-532,-554,-552,-546,-554,-618,-502]} 1. e4 c5 2. Nc3 Nc6 3. f4 g6 4. Nf3 Bg7 5. Bc4 e6 6. f5 gxf5 7. d3 Nge7 8. Ng5 {B23: Closed Sicilian: Lines without g3.} h6 9. Nxf7 $2 (9. Nf3 $17) 9... Kxf7 $19 10. Qh5+ {Black has a decisive advantage.} Kg8 11. exf5 {[#]} d5 {Played: Ne7xf5} 0-1

[Event "40th IND-chT Open 2020"]
[Site "Ahmedabad"]
[Date "2020.02.08"]
[Round "2.19"]
[White "Swayams, Mishra"]
[Black "Rahul Kumar, Pune"]
[Result "1-0"]
[WhiteElo "2485"]
[BlackElo "2162"]
[Annotator "TA"]
[PlyCount "69"]
[EventDate "2020.02.05"]
[EventCountry "IND"]
[SourceTitle "playchess.com"]
[Source "ChessBase"]
[SourceQuality "1"]

{[%evp 15,69,9,20,16,37,39,61,52,64,33,33,33,17,21,16,21,26,32,70,65,68,46,53,57,58,47,79,85,101,17,20,31,34,29,148,148,148,148,323,294,480,578,586,579,577,500,1730,1534,5903,5895,5583,5501,5385,5377,4874,3231]} 1. d4 Nf6 2. c4 e6 3. Nc3 d5 4. Nf3 Be7 5. Bg5 h6 6. Bxf6 Bxf6 7. e3 O-O 8. Qc2 c6 9. h4 {D55: Queen's Gambit Declined: 4 Bg5 Be7: Lines without ...h6 and 6...h6 7 Bxf6.} g6 10. O-O-O Na6 {[%cal Bb8a6,Ba6b4,Bb4d5,Bd5e3][%mdl 32]} 11. g4 {White is slightly better.} Bg7 {[#]} 12. g5 $146 ({Predecessor:} 12. Ne5 dxc4 13. Bxc4 Nb4 14. Qd2 Nd5 15. f4 Nxc3 16. Qxc3 Qe7 17. Rdf1 c5 18. f5 cxd4 19. exd4 Bxe5 20. dxe5 {½-½ (26) Petraki,M (2105)-Glimbrant,T (2260) Barbera del Valles 1995}) 12... h5 $1 13. Ne5 Qc7 14. f4 Nb4 15. Qb3 c5 $1 16. a3 $36 {[%mdl 2048] White has some pressure.} dxc4 17. Qxc4 Nd5 18. Qxc5 Qxc5 19. dxc5 Nxe3 20. Rd2 (20. Rd6 {looks sharper.} Rb8 21. Ne4 Nd5 22. Bc4 Nxf4 23. Nf6+) 20... Bxe5 21. fxe5 Ng4 22. Re2 (22. Bg2 $16) 22... Bd7 $11 23. Bg2 Rac8 $1 {[%cal Rc8c5]} 24. Rd1 Bc6 (24... Rc7 $1 $11) 25. Bxc6 $16 Rxc6 26. b4 a5 $2 {[#]} (26... Ra8 $16 {was necessary.} 27. Kb2 Rcc8) 27. Kb2 b6 $2 (27... axb4 {might work better.} 28. axb4 Rb8) 28. Rd6 $18 {White is clearly winning.} Rfc8 {and the idea ...axb4 leaves Black hopeful.} 29. Rxc6 Rxc6 30. cxb6 axb4 {KRN-KRN} (30... Rxb6 $142 31. b5 Kf8) 31. Na4 bxa3+ 32. Kxa3 Rc8 33. b7 Rb8 34. Nc5 Kg7 35. Kb4 {Accuracy: White = 85%, Black = 53%.} 1-0